Radiohead - In Rainbows Quiz - Statistics

General Stats
  • This quiz has been taken 59 times
  • The average score is 8 of 15
Answer Stats
Question Answer % Correct
Which song is the shortest? Faust Arp
83%
Which color is NOT on the album cover? Purple
77%
Which one comes after the others in the album's order? Jigsaw Falling Into Place
70%
Which song does NOT include any guitar? Videotape
66%
How many songs are on the album? 10
58%
Which song does NOT begin with drums? Bodysnatchers
58%
Which one is NOT one of the songs on Disk 2? A Reminder
57%
What is the time signature of "15 Step"? 5/4
55%
Which song's music video was created by Tobias Stretch? Weird Fishes / Arpeggi
55%
Which song is in seventh place? Reckoner
49%
Which song is the longest? House Of Cards
42%
What year was the album released? (online) 10 October 2007
40%
On the album cover, how many lines are there for the album title, and how many lines are there for the band name? 5, 2
40%
Which song contains lyrics that reference the idiom “the elephant in the room”? Faust Arp
38%
How many children cheering sound effects are there in the song “15 Step”? 3
32%
No matching quizzes found
Score Distribution
Percent of People with Each Score
Percentile by Number Answered
Your Score History
You have not taken this quiz